| 000 | 00803nam a2200241 a 4500 | ||
|---|---|---|---|
| 003 | CBULib | ||
| 005 | 20240415133108.0 | ||
| 008 | 121217s2012 ||||||||||||||||| || u | ||
| 040 |
_bEnglish _cCBULib _erda |
||
| 041 | _aeng | ||
| 050 | _aUNCTAD(08)CG/3 | ||
| 110 | _aUnited Nations Conference on Trade and Development (UNCTAD) | ||
| 245 | 1 | 0 |
_aUNCTAD Commodities at a glance: special issue on energy _c/ by United Nations Conference on Trade and Development (UNCTAD) |
| 260 |
_aGeneva : _bUnited Nations, _c2012 |
||
| 300 | _aiv, 60 pages : illustrations | ||
| 336 |
_2rdacontent _aText | _btxt |
||
| 337 |
_2rdamedia _aUnmediated | _bn |
||
| 338 |
_2rdacarrier _aVolume _bnc |
||
| 500 | _aBibliography | ||
| 650 | _aRENEWABLE ENERGY SOURCES | ||
| 650 | _aENERGY CONSUMPTION | ||
| 942 |
_2mc _c029 |
||
| 999 |
_c60604 _d60604 |
||